| 000 | 00676nam a2200241 a 4500 | ||
|---|---|---|---|
| 001 | 31334 | ||
| 003 | BD-RjUL | ||
| 005 | 20211209051704.0 | ||
| 008 | 160507r19541933enk 001 0 eng | ||
| 035 | _a(BD-RjUL) 31421 | ||
| 040 |
_aBD-RjUL _cBD-RjUL _beng |
||
| 041 | _aeng | ||
| 082 |
_223 _a290 _bRAE 1954 |
||
| 100 |
_aRadhakrishnan, S. _94068 |
||
| 245 | 1 | 0 |
_aEast and west in religion / _cS. Radhakrishnan |
| 260 |
_aLondon : _bG. Allen & Unwin, _c1933 [Impression 1954]. |
||
| 300 |
_a146 p. ; _c19 cm. |
||
| 500 | _a"First published in 1933." | ||
| 504 | _aIncludes index. | ||
| 650 |
_aReligions _995362 |
||
| 650 |
_aReligion _xPhilosophy _94031 |
||
| 942 |
_2ddc _cBK |
||
| 999 |
_c31334 _d31334 |
||